000 00962cam a2200253 i 4500
003 SA-RiAUC
005 20250523174659.0
008 250514s2000 uk g 000r0 ara c
020 _a267389960
040 _aSA-RiAUC
_bara
_cSA-RiAUC
_erda
082 0 4 _a296
090 _a296
_bس ا م
100 1 _aالسامرائي، نعمان عبد الرزاق،
_d1935-
_eمؤلف.
245 1 2 _aالتوراة بين فقدان الأصل وتناقض النص /
_cإعداد نعمان عبد الرزاق السامرائي.
250 _aالطبعة الأولى.
264 1 _aلندن :
_bدار الحكمة،
_c[2000]
300 _a121 صفحة ؛
_c20 سم
336 _aنص
_btxt
_2rdacontent
_3كتاب
337 _aبدون وسيط
_bn
_2rdamedia
338 _aمجلد
_bnc
_2rdacarrier
630 2 7 _aالكتاب المقدس.
_pالعهد القديم
_xتفاسير
_2aucut
942 _2ddc
_cBOOK
_n0
949 _aSA-JeALM
_d250514
_umohamedma123
_n1
999 _c8307
_d8307